000 00792nam a2200289Ia 4500
005 20260324134730.0
008 008 260324s9999 xx 000 0 eng d
020 _a9781410604521
037 _aEBOOK
040 _aCRL
040 _beng
040 _cCRL
041 _2eng
041 _aeng
084 _qCRL
100 _aLyn Corno; David F. Lohman; Ellen B. Mandinach; Lee J. Cronbach; Haggai Kupermintz; Ann W. Porteus; Joan E. Talbert
_91197935
245 0 _aRemaking the Concept of Aptitude
245 0 _bExtending the Legacy of Richard E. Snow
260 _bTaylor and Francis
260 _c2001
365 _a
365 _b230
856 _uhttp://www.taylorfrancis.com/books/9781410604521
942 _cEBOOK
999 _c1798315
_d1798315